Físico-química 7 - Statistics

Estatísticas Gerais
  • Esse quiz foi jogado 34 vezes
  • A pontuação média é 10 de 19
Estatísticas das Respostas
Hint Resposta % Correto
Qual é a unidade S.I. da força? Newton
93%
Qual é a unidade S.I. da tensão elétrica? Volt
83%
Qual é a unidade S.I. da corrente elétrica? Ampere
80%
Que aparelho mede a corrente elétrica? Amperímetro
77%
Que aparelho mede a tensão elétrica? Voltímetro
77%
Que damos á força que se opõe ao deslizamento ou à tendência para esse movimento e que resulta da interação do corpo com a superfície em contacto? Força de atrito
73%
Que damos á interação entre corpos, por contacto ou à distância, que lhes pode causar deformação, bem como alterar o estado de repouso ou de movimento? Força
70%
Qual é a unidade S.I. da resistência elétrica? Ohm
63%
Que aparelho mede a força? Dinamómetro
50%
Que damos á sequência de componentes por onde pode passar a corrente elétrica? Circuito elétrico
47%
Em qual circuito a corrente elétrica percorre o circuito principal e as ramificações? Circuito em paralelo
40%
Que damos ao movimento orientado de partículas com carga elétrica (eletrões ou iões)? Corrente elétrica
40%
Em qual circuito a corrente elétrica percorre um único circuito? Circuito em série
37%
Qual o sentido da corrente elétrica que vai do pólo negativo para o pólo positivo? Sentido real
30%
Que aparelho mede a resistência elétrica? Ohmímetro
27%
Qual o sentido da corrente elétrica que vai do pólo positivo para o pólo negativo? Sentido convencional
23%
Que damos á força vertical, com sentido ascendente, exercida por um fluido sobre um corpo nele imerso? Impulsão
20%
Qual é a resistência que mede a oposição que um condutor oferece à passagem da corrente elétrica? Resistência elétrica
17%
Que nome damos à energia que um gerador fornece ao circuito elétrico por unidade de carga? Tensão elétrica
13%
Nenhum quiz correspondente encontrado
Distribuição das Pontuações
Porcentagem de Pessoas com Cada Pontuação
Percentil de Números Respondidos
Sua Pontuação Histórica
Você não jogou esse quiz